Culture Générale - Série 721 - Statistiques

Statistiques générales
  • Ce quiz a été pris 149 fois
  • Le résultat moyen est 6 sur 10
Statistiques - réponses
Question Réponse % Correct
Dans quel pays d'Europe se trouve la communauté autonome de Cantabrie ? Espagne
81%
Dans quel pays pourrez-vous découvrir la région de l'Algarve ? Portugal
78%
Hans Christian Andersen a écrit "La Petite Fille aux... allumettes
69%
Complétez cette phrase d'une chanson de Michel Delpech datant de 1965 : "C'était bien chez... Laurette
68%
D'après une chanson d'Eddy Mitchell sortie en 1976, quelle "danse" est interdite avant les prières du soir ? boogie woogie
65%
La série policière avec Natacha Amal et Noémie Elbaz s'intitule "Femmes de... loi
59%
Complétez le titre du roman de Georges Bernanos "Sous le soleil de ... Satan
58%
Quel auteur-compositeur français a écrit avec Luc Plamondon la comédie musicale "Starmania" ? Michel Berger
57%
Complétez le titre du film réalisé en 1995 par Terry Giliam "L'armée des ... 12 singes
48%
Complétez ce titre d'une pièce de Tennessee Williams : "La Nuit de... l'iguane
7%
Aucun quiz correspondant
Distribution des résultats
% des personnes avec chaque résultat
Percentile par nombre de réponses
Votre historique - résultats
Vous n’avez pas pris ce quiz